000 00828nam a2200241 a 4500
999 _c12030
_d12030
001 12030
003 BD-JhCC
005 20210308093310.0
008 200329s19972019b a|||| ||a| 000 0 ben d
020 _a9789849263852
035 _a(BD-JhCC)12030
040 _aBD-JhCC
_dBD-JhCC
041 _aben
082 _a923.1
_bVAS 2019
245 _a বঙ্গবন্ধুর নির্বাচিত ভাষণ /
_cসম্পাঃ সিকদার আবুল বাশার ।
260 _aঢাকা:
_bনওরোজ সাহিত্য সংসদ;
_c২০১৯.
300 _a১০৯ পৃ. :
_c২০ সেমি.
600 _aRahaman, shekh Mojibur
650 _aBiography
700 _aবাশার, সিকদার আবুল
942 _2ddc
_cBK